Word Ladder: Collect your (W)innings Quiz Stats

 Plays Quiz Updated Mar 14, 2014

Support Sporcle.
Go Orange.
Score 0/18 Timer 04:00
0 Plays Today
Hint 1 4-Letter Answers % Correct
♦ Abode ♦► Home Runs ◄
86.6%
Tibia, Femur or UlnaBone - Rots
85.6%
European capital cityRome - Rung
79.5%
ArrivedCame - Bank
79.2%
SharpenHone - Ruts
77.6%
Sleep outdoorsCamp - Bang
75.3%
DislikeHate - Time
73.1%
Ascot, Bowler and CowboyHats - Tile
72.5%
♦ Affectionate term or young child ♦► Babe Ruth ◄
71.5%
Hint 1 4-Letter Answers % Correct
Winged mammalsBats - Till
68.7%
Batman villianBane - Roth
68.6%
FrolicRomp - Lung
65.3%
GradientRamp - Lang
64.3%
♦ Cluedo room ♦► Hall of Fame ◄
63.9%
HeartyHale - Tame
63.3%
Stringed instrumentBass - Bill
60.2%
♦ Bottom part ♦► Base Ball ◄
59.4%
Suit-, Nut- or Basket-Case - Balk
58.2%

Today's Daily Dose

Word Ladder
ING Words

Get the Picture
Nearest Volcano

From the Vault

Star Wars 7-to-1

by samc67

Movies 6m
It's better to practice with your lightsaber outdoors. Far lower wall-repair costs that way.
Remove Ads.
Support Sporcle.
Get the best of Sporcle when you Go Orange. This ad-free experience offers more features, more stats, and more fun while also helping to support Sporcle. Thank you for becoming a member.

Show Comments

Extras

Top Quizzes Today


Score Distribution

Your Account Isn't Verified!

In order to create a playlist on Sporcle, you need to verify the email address you used during registration. Go to your Sporcle Settings to finish the process.

Report this User

Report this user for behavior that violates our Community Guidelines.

Details: